[Event "Asia Cities-ch 15th"]
[Site "Tehran"]
[Date "2007.03.05"]
[Round "6.9"]
[White "Attallah, Warad"]
[Black "Rajapakse, Rmcm"]
[Result "1/2-1/2"]
[WhiteElo "2088"]
[BlackElo "2057"]
[PlyCount "110"]
[EventDate "2007.03.02"]
[EventType "team-swiss"]
[EventRounds "9"]
[EventCountry "IRI"]
[SourceTitle "EXT 2020"]
[Source "ChessBase"]
[SourceDate "2019.10.17"]
[SourceVersion "1"]
[SourceVersionDate "2019.10.17"]
[SourceQuality "1"]
[WhiteTeam "Al Quds (Jerusalem)"]
[BlackTeam "Colombo"]
[WhiteTeamCountry "PLE"]
[BlackTeamCountry "SRI"]

1. d4 Nf6 2. c4 g6 3. Nc3 Bg7 4. Nf3 d6 5. g3 0-0 6. Bg2 Nbd7 7. 0-0 c6 8. h3 e5 9. e4 Re8 10. Re1 Qc7 11. Bg5 Nb6 12. b3 a5 13. a4 Be6 14. Rc1 exd4 15. Nxd4 Nbd7 16. Rc2 Rad8 17. Rd2 Nc5 18. Bf4 Nh5 19. Be3 Bc8 20. g4 Nf6 21. Bf4 Nfd7 22. Ncb5 cxb5 23. Nxb5 Qc6 24. Rxd6 Ne6 25. Rxc6 bxc6 26. Nd6 Nf6 27. Bg3 Re7 28. Nxc8 Rxc8 29. Qd2 Ra7 30. e5 Nd7 31. f4 Ndc5 32. Rb1 Bh6 33. Qf2 Rd7 34. f5 Rd2 35. fxe6 Rxf2 36. Bxf2 Nxe6 37. Bb6 Bd2 38. Rd1 Bc3 39. Kf1 Rb8 40. c5 Bd4 41. Bxc6 Bxc5 42. Bxc5 Nxc5 43. Bb5 Nxb3 44. Rd7 Rc8 45. Rd3 Nc5 46. Rc3 Kf8 47. Ke2 Ke7 48. Ke3 Rc7 49. Rc4 Ke6 50. Kd4 Nb3+ 51. Kc3 Nc5 52. Kd4 Nb3+ 53. Ke3 Nc5 54. Kd4 Nb3+ 55. Kc3 Nc5 1/2-1/2